Statistics for Best NFL Running-Backs For Each Team (2023)

Click here to take the quiz!

General Stats

  • This quiz has been taken 140 times
  • The average score is 25 of 32

Answer Stats

HintAnswer% Correct
49ersChristian McCaffrey
95%
BengalsJoe Mixon
92%
TitansDerrick Henry
88%
ChiefsIsiah Pacheco
88%
BillsJames Cook
87%
GiantsSaquon Barkley
87%
CowboysTony Pollard
87%
EaglesD'Andre Swift
86%
BrownsNick Chubb
86%
DolphinsRaheem Mostert
84%
FalconsBijan Robinson
83%
CommandersBrian Robinson
83%
ChargersAustin Ekeler
82%
PackersAaron Jones
81%
BroncosJavonte Williams
81%
RamsKyren Williams
81%
SaintsAlvin Kamara
79%
LionsDavid Montgomery
79%
RaidersJosh Jacobs
78%
JetsBreece Hall
77%
CardinalsJames Conner
77%
SteelersNajee Harris
76%
JaguarsTravis Etienne
76%
BuccaneersRachaad White
71%
PatriotsEzekiel Elliott
70%
TexansDevin Singletary
65%
SeahawksKenneth Walker
64%
RavensGus Edwards
63%
VikingsAlexander Mattison
62%
BearsKhalil Herbert
60%
ColtsZack Moss
57%
PanthersChuba Hubbard
56%

Score Distribution

Percentile by Number Answered

Percent of People with Each Score

Your Score History

You have not taken this quiz